000 00635nam a2200217 a 4500
001 62594
003 BD-RjUL
005 20211209081113.0
008 170124b2008 b ||||| |||| 00| 0 eng d
020 _a9843000010959
035 _a(BD-RjUL)62720
040 _aBD-RjUL
_beng
_cBD-RjUL
041 _aeng
082 _223
_a340.59
_bFAT 2008
100 1 _aFaiz-Ud-Din, Muhammad
_9186087
245 1 0 _aA text book on islamic law :
_bincluding statutory family laws /
_cMuhammad Faiz-Ud-Din
260 _aBangladesh :
_bShams publications,
_c2008
300 _axxxvi, 399 p. ;
_c23 cm.
650 _aIslamic law
_9170711
942 _2ddc
_cBK
999 _c62594
_d62594